[Event "DVM U20w 2015"]
[Site "Osnabrück GER"]
[Date "2015.12.27"]
[Round "1"]
[White "Lagunow, Elina"]
[Black "Wagner, Swenja"]
[Result "1-0"]
[Termination "normal"]
[Board "6.1"]
[WhiteElo "1751"]
[BlackElo "1727"]
[WhiteTeam "BSV 63 Chemie Weißensee"]
[BlackTeam "Leegebrucher SF"]
[PlyCount "73"]
[WhiteFideId "4673387"]
[BlackFideId "12900494"]
[EventCountry "GER"]
[EventRounds "7"]
[EventType "team-swiss"]
[EventDate "2015.12.26"]

1. Nf3 d5 2. g3 e6 3. Bg2 Be7 4. c4 c6 5. Qc2 Na6 6. a3 Bd7 7. d3 Nc7 8. O-O h5
9. h3 g5 10. Ne5 Bf6 11. f4 Qe7 12. Be3 Nh6 13. cxd5 exd5 14. Bc5 Qe6 15. Nxd7
Kxd7 16. e4 gxf4 17. gxf4 Rag8 18. Kh1 b6 19. Be3 Nf5 20. Bf2 Ng3+ 21. Bxg3
Rxg3 22. f5 Qd6 23. Nd2 Rhg8 24. Rf2 Bd4 25. Re2 Qf6 26. Nf3 Be5 27. exd5 Bf4
28. dxc6+ Qxc6 29. Ne5+ Bxe5 30. Qxc6+ Kd8 31. Rxe5 Rxg2 32. Qd6+ Kc8 33. Rc1
Kb8 34. Qxc7+ Ka8 35. Re7 Rb8 36. Qb7+ Rxb7 37. Rc8+ 1-0

[Event "DVM U20w 2015"]
[Site "Osnabrück GER"]
[Date "2015.12.27"]
[Round "1"]
[White "Wolff, Marie"]
[Black "Koch, Elisabeth"]
[Result "1-0"]
[Termination "normal"]
[Board "6.2"]
[WhiteElo "1703"]
[BlackElo "1682"]
[WhiteTeam "Leegebrucher SF"]
[BlackTeam "BSV 63 Chemie Weißensee"]
[PlyCount "67"]
[WhiteFideId "12908258"]
[BlackFideId "24695068"]
[EventCountry "GER"]
[EventRounds "7"]
[EventType "team-swiss"]
[EventDate "2015.12.26"]

1. c4 e5 2. Nc3 Nf6 3. g3 c6 4. Bg2 d5 5. cxd5 cxd5 6. d3 Nc6 7. Bg5 Be6 8.
Bxf6 gxf6 9. Nf3 f5 10. e3 Bh6 11. O-O f4 12. exf4 exf4 13. Re1 fxg3 14. hxg3
Qa5 15. a3 O-O-O 16. b4 Qb6 17. Na4 Qb5 18. Nc5 Bg4 19. Nd4 Bxd1 20. Bh3+ Kb8
21. Nxb5 a6 22. Nd7+ Rxd7 23. Bxd7 Bc2 24. Nd6 Rf8 25. Bxc6 bxc6 26. Re7 Bxd3
27. Rb7+ Ka8 28. Rb6 f5 29. Rxc6 Rf6 30. Rd1 Be2 31. Rxd5 Re6 32. Rxf5 Bg4 33.
Rxa6+ Kb8 34. Rb5+ 1-0

[Event "DVM U20w 2015"]
[Site "Osnabrück GER"]
[Date "2015.12.27"]
[Round "1"]
[White "Greßmann, Hanna"]
[Black "Sauer, Annika"]
[Result "1/2-1/2"]
[Termination "normal"]
[Board "6.3"]
[WhiteElo "1731"]
[BlackElo "1653"]
[WhiteTeam "BSV 63 Chemie Weißensee"]
[BlackTeam "Leegebrucher SF"]
[PlyCount "75"]
[WhiteFideId "12930709"]
[BlackFideId "12952052"]
[EventCountry "GER"]
[EventRounds "7"]
[EventType "team-swiss"]
[EventDate "2015.12.26"]

1. d4 d5 2. Nf3 Nf6 3. e3 Bf5 4. c4 e6 5. Nc3 c6 6. Bd2 Bd6 7. Qb3 Qc8 8. Rc1
Bc7 9. Na4 Nbd7 10. cxd5 exd5 11. Bd3 Bxd3 12. Qxd3 O-O 13. b4 Ne4 14. b5 Bd6
15. bxc6 bxc6 16. O-O Qc7 17. Nc3 Nxc3 18. Rxc3 Bb4 19. Rc2 Bxd2 20. Nxd2 Rac8
21. Rfc1 Nb8 22. Qa3 Rfe8 23. Nb1 Qe7 24. Qb3 Qd6 25. Nc3 Red8 26. Na4 Nd7 27.
Nc3 Nb6 28. Na4 Nc4 29. Nb2 Nb6 30. a4 Rc7 31. a5 Nd7 32. Nd3 Rdc8 33. Qa4 h6
34. Qb4 Qe6 35. Nf4 Qe4 36. h3 c5 37. Qd2 c4 38. Qb4 1/2-1/2

[Event "DVM U20w 2015"]
[Site "Osnabrück GER"]
[Date "2015.12.27"]
[Round "2"]
[White "Diederichs, Luise"]
[Black "Wiesner, Paula"]
[Result "0-1"]
[Termination "normal"]
[Board "1.1"]
[WhiteElo "1964"]
[BlackElo "2029"]
[WhiteTeam "TuRa Harksheide Norderstedt"]
[BlackTeam "Karlsruher SF 1853"]
[PlyCount "78"]
[WhiteFideId "24692328"]
[BlackFideId "24654019"]
[EventCountry "GER"]
[EventRounds "7"]
[EventType "team-swiss"]
[EventDate "2015.12.26"]

1. c4 c5 2. Nc3 Nf6 3. g3 d5 4. cxd5 Nxd5 5. Bg2 Nc7 6. Nf3 Nc6 7. O-O e5 8. d3
Be7 9. Be3 O-O 10. Na4 b6 11. Rc1 Nd5 12. Bd2 Be6 13. a3 Rc8 14. Nc3 f6 15.
Nxd5 Bxd5 16. Bc3 Qd7 17. Nd2 Be6 18. f4 exf4 19. gxf4 Nd4 20. Nf3 Nf5 21. Qd2
c4 22. e4 Nd6 23. e5 Nf5 24. d4 fxe5 25. Nxe5 Qc7 26. Rcd1 Nh4 27. Be4 Bd6 28.
Qf2 Qe7 29. Kh1 Qf6 30. Qe2 Bh3 31. Rf2 Kh8 32. d5 Qh6 33. Rg1 Bc5 34. Rxg7
Qxg7 35. Nf7+ Rxf7 36. Qh5 Nf5 37. Bxf5 Bxf5 38. Bxg7+ Rxg7 39. Rf1 Be4+ 0-1

[Event "DVM U20w 2015"]
[Site "Osnabrück GER"]
[Date "2015.12.27"]
[Round "2"]
[White "Mangei, Jasmin"]
[Black "Polert, Annika"]
[Result "1-0"]
[Termination "normal"]
[Board "1.2"]
[WhiteElo "1890"]
[BlackElo "1887"]
[WhiteTeam "Karlsruher SF 1853"]
[BlackTeam "TuRa Harksheide Norderstedt"]
[PlyCount "105"]
[WhiteFideId "12951803"]
[BlackFideId "24661597"]
[EventCountry "GER"]
[EventRounds "7"]
[EventType "team-swiss"]
[EventDate "2015.12.26"]

1. e4 d6 2. d4 Nf6 3. Nc3 g6 4. Nf3 Bg7 5. h3 O-O 6. Be3 c6 7. Qd2 Nbd7 8. Be2
e5 9. O-O Qc7 10. Bh6 Re8 11. Bxg7 Kxg7 12. Rad1 Nh5 13. Bc4 b5 14. Bb3 a6 15.
Ng5 Re7 16. Ne2 Nf8 17. Qe3 h6 18. Nf3 Nf6 19. Ng3 exd4 20. Qd3 c5 21. c4 b4
22. Bc2 Bb7 23. Rfe1 N8d7 24. Qd2 Ne5 25. Nh4 Bc8 26. b3 Bd7 27. f4 Nc6 28. Qd3
Rae8 29. Kf1 Ng8 30. f5 Ne5 31. Qd2 g5 32. Nh5+ Kf8 33. f6 Re6 34. Nf5 Nxf6 35.
Nhg7 Ng8 36. Nxe8 Bxe8 37. Qe2 f6 38. Kg1 Bg6 39. Qf2 Ke8 40. Qg3 Qh7 41. a3 a5
42. axb4 axb4 43. Ra1 Bxf5 44. exf5 Re7 45. Ra6 Rd7 46. Qf3 h5 47. Qd5 Ne7 48.
Ra8+ Rd8 49. Rxd8+ Kxd8 50. Qxd6+ Nd7 51. Ra1 Nc8 52. Ra8 Qg8 53. Qc6 1-0

[Event "DVM U20w 2015"]
[Site "Osnabrück GER"]
[Date "2015.12.27"]
[Round "2"]
[White "Rosmait, Emily"]
[Black "Wang, Yanru"]
[Result "1-0"]
[Termination "normal"]
[Board "1.3"]
[WhiteElo "1963"]
[BlackElo "1490"]
[WhiteTeam "TuRa Harksheide Norderstedt"]
[BlackTeam "Karlsruher SF 1853"]
[PlyCount "65"]
[WhiteFideId "12937754"]
[BlackFideId "12929328"]
[EventCountry "GER"]
[EventRounds "7"]
[EventType "team-swiss"]
[EventDate "2015.12.26"]

1. e4 c6 2. d4 d5 3. Nc3 dxe4 4. Nxe4 Bf5 5. Ng3 Bg6 6. Nf3 Nd7 7. h4 h6 8. h5
Bh7 9. Bd3 Bxd3 10. Qxd3 e6 11. Bd2 Ngf6 12. O-O-O Bd6 13. Qe2 Qc7 14. Nf1
O-O-O 15. Ne3 Ne4 16. Be1 Ndf6 17. Nc4 b6 18. Nxd6+ Nxd6 19. Ne5 Nf5 20. Bc3
Rd5 21. g4 Nd6 22. f3 Rd8 23. Be1 Nb5 24. c3 Kb7 25. Bf2 c5 26. dxc5 Rxe5 27.
Qxb5 Rc8 28. Rd2 Ka8 29. Rhd1 bxc5 30. Bg3 Rb8 31. Bxe5 Qxe5 32. Qc6+ Rb7 33.
Rd8+ 1-0

[Event "DVM U20w 2015"]
[Site "Osnabrück GER"]
[Date "2015.12.27"]
[Round "2"]
[White "Bykov, Ilona"]
[Black "Zimmermann, Jasmin"]
[Result "0-1"]
[Termination "normal"]
[Board "1.4"]
[WhiteElo "1257"]
[BlackElo "1721"]
[WhiteTeam "Karlsruher SF 1853"]
[BlackTeam "TuRa Harksheide Norderstedt"]
[PlyCount "102"]
[WhiteFideId "12964433"]
[BlackFideId "12900400"]
[EventCountry "GER"]
[EventRounds "7"]
[EventType "team-swiss"]
[EventDate "2015.12.26"]

1. e4 Nf6 2. e5 Nd5 3. d4 d6 4. c4 Nb6 5. exd6 cxd6 6. Nc3 g6 7. Be3 Bg7 8. Nf3
O-O 9. Be2 Nc6 10. O-O Bg4 11. b3 f5 12. Qd2 Qd7 13. Rad1 Rad8 14. Rfe1 e6 15.
Bg5 Rde8 16. d5 exd5 17. Nxd5 Nxd5 18. Qxd5+ Qe6 19. Qxd6 Qxd6 20. Rxd6 Bxf3
21. gxf3 Bc3 22. Bd2 Nd4 23. Rxd4 Bxd4 24. Kf1 Rf6 25. c5 Kg7 26. b4 Rd8 27.
Rd1 Rff8 28. Rc1 Bxc5 29. Ke1 Bxf2+ 30. Kxf2 Rxd2 31. Kf1 Rf7 32. Rc8 Rxa2 33.
h3 Re7 34. Bd3 Re3 35. Bb5 Rxf3+ 36. Kg1 Rxh3 37. Rc7+ Kh6 38. Rxb7 Rb3 39. Bc4
Rb1+ 40. Bf1 Raa1 41. Re7 Rxf1+ 42. Kg2 Rfb1 43. Re8 Rxb4 44. Kf2 Rb3 45. Re2
f4 46. Rd2 g5 47. Re2 g4 48. Re6+ Kh5 49. Re5+ Kh4 50. Re2 g3+ 51. Kg2 f3# 0-1

[Event "DVM U20w 2015"]
[Site "Osnabrück GER"]
[Date "2015.12.27"]
[Round "2"]
[White "Peters, Theresa"]
[Black "Klek, Hanna Marie"]
[Result "0-1"]
[Termination "normal"]
[Board "2.1"]
[WhiteElo "1722"]
[BlackElo "2307"]
[WhiteTeam "SV 1919 Grimma"]
[BlackTeam "SC Bechhofen 1923"]
[PlyCount "170"]
[WhiteFideId "12952192"]
[BlackFideId "24670057"]
[EventCountry "GER"]
[EventRounds "7"]
[EventType "team-swiss"]
[EventDate "2015.12.26"]

1. e4 e5 2. Nf3 Nc6 3. Bb5 a6 4. Ba4 Nf6 5. O-O Be7 6. Re1 b5 7. Bb3 d6 8. c3
O-O 9. d4 Bg4 10. d5 Na5 11. Bc2 c6 12. b4 Nc4 13. dxc6 Qc7 14. Nbd2 Nxd2 15.
Bxd2 Qxc6 16. Rc1 Qb7 17. Bg5 Nh5 18. Be3 g6 19. Bb3 Rac8 20. Bd5 Qd7 21. Bh6
Ng7 22. Re3 Kh8 23. h3 Be6 24. Ng5 Bxg5 25. Bxg5 Ne8 26. Rd3 Bxd5 27. Rxd5 f6
28. Be3 Qe6 29. Qd3 Rc6 30. Rd1 Qc8 31. Rc1 f5 32. exf5 Rxf5 33. f4 exf4 34.
Rxf5 Qxf5 35. Qxf5 gxf5 36. Bxf4 Kg8 37. Be3 Kf7 38. Kf2 Nf6 39. Bd4 Nd5 40. a3
Rc4 41. Ke2 a5 42. Rf1 Ke6 43. Kd3 axb4 44. axb4 Rc8 45. Re1+ Kf7 46. Rf1 Kg6
47. g3 Ra8 48. Re1 Kf7 49. Rf1 Ke6 50. Re1+ Kd7 51. Rf1 Rg8 52. Rf3 Ke6 53. Ke2
Ra8 54. Rd3 h5 55. Kf3 Ra3 56. g4 fxg4+ 57. hxg4 hxg4+ 58. Kxg4 Kd7 59. Rf3 Rb3
60. Kg3 Kc6 61. Kf2 Nc7 62. Rf5 Nd5 63. Rf3 Rb2+ 64. Ke1 Ra2 65. Rg3 Ra3 66.
Kf2 Nf4 67. Ke3 Nd5+ 68. Kf2 Nc7 69. Rg5 Ne6 70. Rh5 Nxd4 71. cxd4 Rd3 72. Rh1
Kd5 73. Rb1 Kxd4 74. Ke2 d5 75. Rb2 Rh3 76. Rb1 Rh2+ 77. Kf3 Kc3 78. Ke3 d4+
79. Ke4 d3 80. Rc1+ Rc2 81. Rd1 d2 82. Ke3 Rc1 83. Ke2 Rxd1 84. Kxd1 Kxb4 85.
Kxd2 Kb3 0-1

[Event "DVM U20w 2015"]
[Site "Osnabrück GER"]
[Date "2015.12.27"]
[Round "2"]
[White "Alsheimer, Lea"]
[Black "Neumann, Isabel"]
[Result "1-0"]
[Termination "normal"]
[Board "2.2"]
[WhiteElo "1624"]
[BlackElo "1644"]
[WhiteTeam "SC Bechhofen 1923"]
[BlackTeam "SV 1919 Grimma"]
[PlyCount "67"]
[WhiteFideId "12918180"]
[BlackFideId "12964468"]
[EventCountry "GER"]
[EventRounds "7"]
[EventType "team-swiss"]
[EventDate "2015.12.26"]

1. d4 Nf6 2. Nf3 e6 3. e3 d5 4. Bd3 c5 5. b3 b6 6. Bb2 Bb7 7. Nbd2 Be7 8. O-O
O-O 9. Ne5 Nbd7 10. f4 Ne4 11. Rf3 Nxe5 12. dxe5 f6 13. Rh3 f5 14. Qh5 h6 15.
Nxe4 fxe4 16. Qg6 Qe8 17. Qxe6+ Qf7 18. Qxf7+ Rxf7 19. Be2 Re8 20. Bh5 Bc8 21.
Bxf7+ Kxf7 22. g4 Bxg4 23. Rg3 Be6 24. a4 Bh4 25. Rg2 a6 26. Rd2 Rd8 27. Kg2 g6
28. h3 Ke8 29. Ba3 Be7 30. Rad1 Rd7 31. Bb2 Kd8 32. c4 dxc4 33. Rxd7+ Bxd7 34.
e6 1-0

[Event "DVM U20w 2015"]
[Site "Osnabrück GER"]
[Date "2015.12.27"]
[Round "2"]
[White "Könze, Heike"]
[Black "Schäfer, Ann-Kathrin"]
[Result "1/2-1/2"]
[Termination "normal"]
[Board "2.3"]
[WhiteElo "1639"]
[BlackElo "1706"]
[WhiteTeam "SV 1919 Grimma"]
[BlackTeam "SC Bechhofen 1923"]
[PlyCount "67"]
[WhiteFideId "12964476"]
[BlackFideId "24615412"]
[EventCountry "GER"]
[EventRounds "7"]
[EventType "team-swiss"]
[EventDate "2015.12.26"]

1. e4 e6 2. d4 d5 3. Nc3 h6 4. e5 c5 5. f4 Nc6 6. Nf3 Bd7 7. Bb5 Qb6 8. Bxc6
Bxc6 9. Ne2 cxd4 10. Nexd4 Bc5 11. c3 Ne7 12. O-O O-O 13. Kh1 Bb5 14. Re1 Nc6
15. a4 Bc4 16. b3 Nxd4 17. Nxd4 Bxd4 18. Qxd4 Qxd4 19. cxd4 Bxb3 20. Ba3 Rfc8
21. Reb1 Rc3 22. Bd6 Rac8 23. h3 b6 24. a5 b5 25. Bc5 a6 26. Ra3 Bc2 27. Rxc3
Bxb1 28. g4 Be4+ 29. Kh2 g6 30. h4 Kg7 31. g5 hxg5 32. fxg5 Bf5 33. Kg3 Bb1 34.
Rb3 1/2-1/2

[Event "DVM U20w 2015"]
[Site "Osnabrück GER"]
[Date "2015.12.27"]
[Round "2"]
[White "Böse, Christina"]
[Black "Hagenbeck-Hübert, Lara"]
[Result "0-1"]
[Termination "normal"]
[Board "2.4"]
[WhiteElo "1570"]
[BlackElo "1520"]
[WhiteTeam "SC Bechhofen 1923"]
[BlackTeam "SV 1919 Grimma"]
[PlyCount "54"]
[WhiteFideId "12929654"]
[BlackFideId "12964484"]
[EventCountry "GER"]
[EventRounds "7"]
[EventType "team-swiss"]
[EventDate "2015.12.26"]

1. d4 d5 2. c4 e6 3. Nc3 Nf6 4. cxd5 exd5 5. Bg5 c5 6. dxc5 Bxc5 7. e3 Be6 8.
Bb5+ Nc6 9. Nf3 O-O 10. O-O a6 11. Ba4 b5 12. Bc2 Rc8 13. Qd3 g6 14. Bxf6 Qxf6
15. Nxd5 Qxb2 16. Rfb1 Qg7 17. Nf4 Bc4 18. Qd1 Ba3 19. Bb3 Bb2 20. Bxc4 bxc4
21. Qf1 c3 22. Rxb2 cxb2 23. Rb1 Nb4 24. Nd3 Nxd3 25. Qxd3 Rc1+ 26. Ne1 Rfc8
27. g3 Rxb1 0-1

[Event "DVM U20w 2015"]
[Site "Osnabrück GER"]
[Date "2015.12.27"]
[Round "2"]
[White "Spangenberg, Romy"]
[Black "Lagunow, Elina"]
[Result "1-0"]
[Termination "normal"]
[Board "3.1"]
[WhiteElo "1859"]
[BlackElo "1751"]
[WhiteTeam "Chemnitzer SC Aufbau`95"]
[BlackTeam "BSV 63 Chemie Weißensee"]
[PlyCount "65"]
[WhiteFideId "4627997"]
[BlackFideId "4673387"]
[EventCountry "GER"]
[EventRounds "7"]
[EventType "team-swiss"]
[EventDate "2015.12.26"]

1. e4 c5 2. Nf3 Nc6 3. d4 cxd4 4. Nxd4 g6 5. Nc3 Bg7 6. Be3 Nf6 7. Bc4 O-O 8.
O-O b6 9. Nxc6 dxc6 10. f4 Bg4 11. Qe1 Qc7 12. Qh4 Bc8 13. Rf3 e5 14. f5 b5 15.
Bb3 b4 16. fxg6 hxg6 17. Rxf6 Bxf6 18. Qxf6 Kh7 19. Bc5 Rg8 20. Bxf7 bxc3 21.
Bxg8+ Kxg8 22. Rf1 Ba6 23. Qxg6+ Qg7 24. Qe6+ Kh8 25. Rf3 Qc7 26. Rf7 Qxf7 27.
Qxf7 cxb2 28. Qb3 Rd8 29. Qxb2 Rd1+ 30. Kf2 Rd2+ 31. Kg3 Kh7 32. Qxe5 Rxc2 33.
Bf8 1-0

[Event "DVM U20w 2015"]
[Site "Osnabrück GER"]
[Date "2015.12.27"]
[Round "2"]
[White "Koch, Elisabeth"]
[Black "Hartewig, Anja"]
[Result "0-1"]
[Termination "normal"]
[Board "3.2"]
[WhiteElo "1682"]
[BlackElo "1761"]
[WhiteTeam "BSV 63 Chemie Weißensee"]
[BlackTeam "Chemnitzer SC Aufbau`95"]
[PlyCount "108"]
[WhiteFideId "24695068"]
[BlackFideId "12917966"]
[EventCountry "GER"]
[EventRounds "7"]
[EventType "team-swiss"]
[EventDate "2015.12.26"]

1. e4 d6 2. d4 Nf6 3. Nc3 g6 4. f4 Bg7 5. Nf3 c5 6. dxc5 Qa5 7. Bd3 Qxc5 8. Qe2
O-O 9. Be3 Qa5 10. O-O Nbd7 11. Bd2 Qd8 12. e5 dxe5 13. fxe5 Ng4 14. e6 Qb6+
15. Kh1 Qxe6 16. Qxe6 fxe6 17. Bc4 Nde5 18. Nxe5 Nxe5 19. Bb3 Nc6 20. Rxf8+
Kxf8 21. Re1 Nd4 22. Ba4 e5 23. Nd5 b5 24. Rf1+ Bf6 25. Bh6+ Kf7 26. Bb3 Nxb3
27. axb3 Bb7 28. c4 bxc4 29. bxc4 Bxd5 30. cxd5 Rd8 31. g4 Kg8 32. Rd1 g5 33.
h4 gxh4 34. Be3 a6 35. Kg2 e4 36. b3 Kg7 37. g5 Be5 38. Kh3 e6 39. d6 Rxd6 40.
Rxd6 Bxd6 41. Kxh4 Kg6 42. Kg4 Be7 43. Bd2 Bc5 44. Kf4 e3 45. Be1 e2 46. b4 Bg1
47. Bh4 Kh5 48. Be1 Bh2+ 49. Ke3 Kxg5 50. Kxe2 h5 51. Kf3 e5 52. Ke4 Kg4 53.
Kd5 h4 54. Kc6 h3 0-1

[Event "DVM U20w 2015"]
[Site "Osnabrück GER"]
[Date "2015.12.27"]
[Round "2"]
[White "Nitzsche, Pia"]
[Black "Greßmann, Hanna"]
[Result "1/2-1/2"]
[Termination "normal"]
[Board "3.3"]
[WhiteElo "1719"]
[BlackElo "1731"]
[WhiteTeam "Chemnitzer SC Aufbau`95"]
[BlackTeam "BSV 63 Chemie Weißensee"]
[PlyCount "51"]
[WhiteFideId "12900370"]
[BlackFideId "12930709"]
[EventCountry "GER"]
[EventRounds "7"]
[EventType "team-swiss"]
[EventDate "2015.12.26"]

1. c4 Nf6 2. Nc3 e6 3. Nf3 d5 4. cxd5 exd5 5. d4 c6 6. Bf4 Be7 7. e3 O-O 8. Bd3
Re8 9. h3 Nbd7 10. O-O Nf8 11. Qc2 Ng6 12. Bh2 Bd6 13. Bxd6 Qxd6 14. Ne2 Ne4
15. Bxe4 dxe4 16. Nd2 f5 17. Ng3 Kh8 18. Rfe1 Qf6 19. Qc5 Be6 20. Nc4 Bxc4 21.
Qxc4 Rad8 22. Rad1 Ne7 23. Nh5 Qd6 24. Nf4 Ng6 25. Nxg6+ Qxg6 26. Qc5 1/2-1/2

[Event "DVM U20w 2015"]
[Site "Osnabrück GER"]
[Date "2015.12.27"]
[Round "2"]
[White "Alcer, Johanna"]
[Black "Fischer, Franziska"]
[Result "0-1"]
[Termination "normal"]
[Board "3.4"]
[WhiteElo "1187"]
[BlackElo "1773"]
[WhiteTeam "BSV 63 Chemie Weißensee"]
[BlackTeam "Chemnitzer SC Aufbau`95"]
[PlyCount "72"]
[WhiteFideId "12964450"]
[BlackFideId "12924199"]
[EventCountry "GER"]
[EventRounds "7"]
[EventType "team-swiss"]
[EventDate "2015.12.26"]

1. e4 e6 2. Nf3 d5 3. exd5 exd5 4. d4 Bg4 5. Be2 Nc6 6. O-O Qe7 7. Bg5 f6 8.
Bf4 O-O-O 9. Re1 Qb4 10. b3 Bxf3 11. Bxf3 Qxd4 12. c3 Qxf4 13. Bxd5 Kb8 14. Qf3
Qxf3 15. Bxf3 Ne5 16. Be4 Bc5 17. b4 Bb6 18. Na3 a6 19. Red1 Ne7 20. Nc2 Ng4
21. Nd4 Bxd4 22. cxd4 f5 23. Bc2 Nf6 24. Rab1 g6 25. a4 Nc6 26. Bd3 Nxd4 27. b5
axb5 28. axb5 Rd6 29. Rb4 Rhd8 30. Kf1 Ne6 31. Ke2 Nc5 32. Bc2 Rxd1 33. Bxd1
Nd5 34. Rc4 b6 35. Bb3 Nxb3 36. Rc2 Nd4+ 0-1

[Event "DVM U20w 2015"]
[Site "Osnabrück GER"]
[Date "2015.12.27"]
[Round "2"]
[White "Schumann, Rabea"]
[Black "Graf, Pia"]
[Result "1-0"]
[Termination "normal"]
[Board "4.1"]
[WhiteElo "1838"]
[BlackElo "1768"]
[WhiteTeam "SG Güstrow/Teterow"]
[BlackTeam "USG Chemnitz"]
[PlyCount "71"]
[WhiteFideId "12918199"]
[BlackFideId "12917737"]
[EventCountry "GER"]
[EventRounds "7"]
[EventType "team-swiss"]
[EventDate "2015.12.26"]

1. c4 e6 2. Nf3 f5 3. g3 Nf6 4. Bg2 g6 5. Nc3 Bg7 6. d4 d6 7. e3 O-O 8. Qc2 Qe7
9. O-O Nc6 10. a3 a5 11. b3 h6 12. Bb2 Re8 13. Rfe1 Qf7 14. Rad1 e5 15. d5 Ne7
16. Nb5 Rd8 17. Nxc7 Rb8 18. Nb5 b6 19. Nxd6 Rxd6 20. Bxe5 Ne4 21. Bxd6 Nxd6
22. a4 Ba6 23. Nd4 Rc8 24. Qd2 Kh7 25. e4 fxe4 26. Bxe4 Rxc4 27. Qe3 Rxa4 28.
Bg2 Bxd4 29. Rxd4 Ndf5 30. Rf4 Nxd5 31. Bxd5 Qxd5 32. Rxf5 gxf5 33. Qe7+ Kg6
34. Re6+ Kh5 35. Qf7+ Kg4 36. Qg6+ 1-0

[Event "DVM U20w 2015"]
[Site "Osnabrück GER"]
[Date "2015.12.27"]
[Round "2"]
[White "Jörs, Pia-Milena"]
[Black "Oltmanns, Bianca"]
[Result "0-1"]
[Termination "normal"]
[Board "4.3"]
[WhiteElo "1565"]
[BlackElo "1745"]
[WhiteTeam "SG Güstrow/Teterow"]
[BlackTeam "USG Chemnitz"]
[PlyCount "82"]
[WhiteFideId "12964646"]
[BlackFideId "24698008"]
[EventCountry "GER"]
[EventRounds "7"]
[EventType "team-swiss"]
[EventDate "2015.12.26"]

1. d4 f5 2. Nf3 Nf6 3. e3 g6 4. c4 Bg7 5. Nc3 O-O 6. Bd3 d6 7. Bd2 Qe8 8. Qb3
Kh8 9. O-O-O e5 10. Be2 Nc6 11. h3 b6 12. Be1 Bb7 13. Rg1 Qe7 14. g4 Na5 15.
Qc2 fxg4 16. Nd2 exd4 17. exd4 Nc6 18. Nb3 gxh3 19. d5 Ne5 20. Rh1 Bc8 21. f4
Bf5 22. Qd2 Bh6 23. Bh4 Qf7 24. Bg5 Bxg5 25. fxg5 Nfd7 26. Rdf1 Qe7 27. Nd4 Bg4
28. Bxg4 Rxf1+ 29. Rxf1 Nxg4 30. Ne6 Nc5 31. Qd4+ Ne5 32. Nxc5 Qxg5+ 33. Kb1
bxc5 34. Qf2 Qf5+ 35. Qxf5 gxf5 36. Rxf5 h2 37. Rf1 Rg8 38. Ne2 Rg2 39. Re1 Nf3
40. Nf4 Nxe1 41. Nxg2 Nxg2 0-1

[Event "DVM U20w 2015"]
[Site "Osnabrück GER"]
[Date "2015.12.27"]
[Round "2"]
[White "Fuchs, Joline"]
[Black "Eulitz, Charlotte"]
[Result "1/2-1/2"]
[Termination "normal"]
[Board "4.4"]
[WhiteElo "1347"]
[BlackElo "1457"]
[WhiteTeam "USG Chemnitz"]
[BlackTeam "SG Güstrow/Teterow"]
[PlyCount "94"]
[WhiteFideId "12964506"]
[BlackFideId "12964654"]
[EventCountry "GER"]
[EventRounds "7"]
[EventType "team-swiss"]
[EventDate "2015.12.26"]

1. e4 e5 2. Nf3 Nc6 3. Bc4 Bc5 4. Nc3 d6 5. d3 Bg4 6. Be3 Bb6 7. O-O h6 8. Nd5
Nf6 9. Bxb6 axb6 10. Ne3 Bh5 11. Bb5 O-O 12. Bxc6 bxc6 13. Nf5 Re8 14. Ng3 Bg6
15. Nh4 Bh7 16. Nhf5 d5 17. exd5 cxd5 18. Ne3 Qd7 19. Re1 b5 20. Nh5 Ra6 21.
Qf3 e4 22. Nxf6+ Rxf6 23. Qg4 Qd6 24. dxe4 Rf4 25. Qg3 Rfxe4 26. Qxd6 cxd6 27.
Kf1 d4 28. Nd5 Rxe1+ 29. Rxe1 Re5 30. Rxe5 dxe5 31. Nb4 f6 32. Ke2 Kf7 33. c3
dxc3 34. bxc3 Ke6 35. Kd2 Kd6 36. Na6 Bb1 37. a3 g6 38. Nb4 Kc5 39. Kc1 Be4 40.
f3 Bb7 41. Kd2 Kc4 42. Nc2 h5 43. Ne3+ Kb3 44. Nc2 Bc8 45. Ne3 Be6 46. Nc2 f5
47. f4 Bd5 1/2-1/2

[Event "DVM U20w 2015"]
[Site "Osnabrück GER"]
[Date "2015.12.27"]
[Round "2"]
[White "Hund, Sarah"]
[Black "Leinemann, Vivien Sophie"]
[Result "1-0"]
[Termination "normal"]
[Board "5.1"]
[WhiteElo "1881"]
[BlackElo "1635"]
[WhiteTeam "SK Freiburg Zähringen 1887"]
[BlackTeam "Hamburger SK von 1830"]
[PlyCount "41"]
[WhiteFideId "12923338"]
[BlackFideId "16208536"]
[EventCountry "GER"]
[EventRounds "7"]
[EventType "team-swiss"]
[EventDate "2015.12.26"]

1. e4 c5 2. Nc3 a6 3. f4 b5 4. Nf3 Bb7 5. d3 e6 6. g3 d5 7. e5 Ne7 8. Bg2 Nf5
9. O-O Be7 10. g4 Nh6 11. h3 f5 12. g5 Nf7 13. Ne2 Qc7 14. c3 Nc6 15. Be3 O-O
16. Qe1 Rad8 17. Qf2 d4 18. cxd4 cxd4 19. Nexd4 Rd7 20. Nxe6 Qb8 21. Nxf8 1-0

[Event "DVM U20w 2015"]
[Site "Osnabrück GER"]
[Date "2015.12.27"]
[Round "2"]
[White "Voß, Henrike"]
[Black "Denz, Annika"]
[Result "0-1"]
[Termination "normal"]
[Board "5.2"]
[WhiteElo "1535"]
[BlackElo "1648"]
[WhiteTeam "Hamburger SK von 1830"]
[BlackTeam "SK Freiburg Zähringen 1887"]
[PlyCount "38"]
[WhiteFideId "12971910"]
[BlackFideId "12922935"]
[EventCountry "GER"]
[EventRounds "7"]
[EventType "team-swiss"]
[EventDate "2015.12.26"]

1. e4 e5 2. Nf3 Nc6 3. Bc4 Bc5 4. c3 Nf6 5. d3 h6 6. Bb3 O-O 7. O-O d6 8. h3
Bb6 9. Re1 Ne7 10. Nbd2 Ng6 11. Nf1 Bd7 12. Ng3 Qc8 13. Bd2 Bxh3 14. gxh3 Qxh3
15. d4 Ng4 16. Nf1 exd4 17. cxd4 Bxd4 18. Be3 Nf4 19. Bxf4 Bxf2# 0-1

[Event "DVM U20w 2015"]
[Site "Osnabrück GER"]
[Date "2015.12.27"]
[Round "2"]
[White "Neisius, Laura Maria"]
[Black "Reich, Kristina"]
[Result "1-0"]
[Termination "normal"]
[Board "5.3"]
[WhiteElo "1463"]
[BlackElo "1636"]
[WhiteTeam "SK Freiburg Zähringen 1887"]
[BlackTeam "Hamburger SK von 1830"]
[PlyCount "145"]
[WhiteFideId "12910040"]
[BlackFideId "12964719"]
[EventCountry "GER"]
[EventRounds "7"]
[EventType "team-swiss"]
[EventDate "2015.12.26"]

1. f4 d5 2. Nf3 Nf6 3. e3 Bf5 4. Be2 Nc6 5. Nh4 Bd7 6. O-O e5 7. fxe5 Nxe5 8.
d4 Ng6 9. Nf3 Bd6 10. Nc3 O-O 11. Nb5 Qe7 12. Qe1 Ng4 13. Nxd6 Nxe3 14. Bxe3
Qxe3+ 15. Qf2 Qxf2+ 16. Rxf2 cxd6 17. g3 Rac8 18. Bd3 Ne7 19. c3 Nf5 20. Re1
Rce8 21. Rfe2 g6 22. Bxf5 gxf5 23. Re7 Rd8 24. Nh4 Kg7 25. Ng2 Rfe8 26. Rxe8
Rxe8 27. Rxe8 Bxe8 28. Ne3 Bd7 29. Nxd5 Be6 30. Ne3 Kf6 31. a3 b6 32. h4 Kg6
33. Kf2 Kh5 34. Kf3 b5 35. d5 Bd7 36. Nc2 Bc8 37. Kf4 Kg6 38. Nd4 a6 39. b3 h6
40. Nc6 Kf6 41. Na5 Ke7 42. c4 Kf6 43. cxb5 axb5 44. Nc6 Bb7 45. Nb4 Bc8 46. a4
bxa4 47. bxa4 Bb7 48. a5 Kg6 49. a6 Ba8 50. a7 Kf6 51. Nc6 Kg6 52. Ne7+ Kf6 53.
Nxf5 Bxd5 54. Nxd6 Kg6 55. Nc8 Bb7 56. g4 f6 57. Nd6 Ba8 58. h5+ Kg7 59. Kf5
Bc6 60. Ne8+ Kf7 61. Nxf6 Bb7 62. Ne4 Kg7 63. Nd6 Ba8 64. Ke6 Bf3 65. Kf5 Ba8
66. Nc8 Bb7 67. Nb6 Kf7 68. a8=Q Bxa8 69. Nxa8 Kg7 70. Ke6 Kh7 71. Kf6 Kg8 72.
Kg6 Kf8 73. Kxh6 1-0